| 000 | 00755nam a22002057a 4500 | ||
|---|---|---|---|
| 999 |
_c18970 _d18970 |
||
| 003 | AR-CdUCM | ||
| 008 | 190516b ||||| |||| 00| 0 spa d | ||
| 040 |
_aMUNICIPALIDAD PROVINCIAL DEL CUSCO _cBIBLIOTECA MUNICIPAL DEL CUSCO |
||
| 082 |
_a641.982 / _bES79 |
||
| 100 |
_aEscudero, Pedro _927809 |
||
| 245 | _aLa politica nacional de la almimentación en la republica Argentina / | ||
| 260 |
_aBuenos Aires : _bInstituto nacional de nutrición, |
||
| 300 |
_a143 paginas ; _c24 cm. |
||
| 505 | _aContenido: Dirección general -- Enseñanza -- Acción social - Asistencia social -- Alimentación... | ||
| 650 |
_aAlimentación _919429 |
||
| 650 |
_aEducación _9460 |
||
| 650 |
_aPublicidad _923533 |
||
| 942 |
_2ddc _cLIBROS |
||
| 945 |
_apjha _d2019-05-16 |
||